000 00651nam0a22002171 4500
001 rc\810587
005 20250622001327.0
035 _a(NLR Aleph) 005993995
090 _a7157807
_c7157807
100 _a20041129d1983 |||y0rusy50 ca
101 0 _arus
102 _aRU
105 _ay |||||||||
200 1 _aСловник Энциклопедии виноградарства и виноделия
_fГл. ред. Молд. сов. энциклопедии
210 _aКишинев
_cБ. и.
_d1983
215 _a143 с.
_d20
801 0 _aRU
_bNLR
_gpsbo
801 1 _aRU
_bELAR
_2rusmarc
852 _aNLR
_bС
_jК-1/2432
942 _cBOOK
980 _aNB